000 00376nam a2200121 4500
999 _c10973
_d10973
008 181002b ||||| |||| 00| 0 eng d
100 _931877
_aJaymalin, Mayen
245 _aKidapawan, Soccksargen farmers to get livelihood aid/
_cMayen Jaymalin
260 _aPhilippines
_bThe Philippine Star
_cc2016
300 _apage A-25.
650 0 _931878
_aLivelihood.
942 _2ddc
_cPER